LEADER 01061cam0-2200361---450- 001 990005817080403321 005 20130620124653.0 010 $a209190547X 035 $a000581708 035 $aFED01000581708 035 $a(Aleph)000581708FED01 035 $a000581708 100 $a19990604d1992----km-y0itay50------ba 101 0 $afre 102 $aFR 105 $ay-------001yy 200 1 $aPrécis de lexicologie française$el'étude et l'enseignement du vocabulaire$fJacqueline Picoche 205 $aNouvelle édition revue et mise à jour 210 $aParis$cNathan$d1992 215 $a191 p.$d21 cm 225 1 $aFac. Linguistique 610 0 $aLingua francese$aLessicologia 676 $a443.028 700 1$aPicoche,$bJacqueline$0132778 801 0$aIT$bUNINA$gRICA$2UNIMARC 901 $aBK 912 $a990005817080403321 952 $a407.1 PIC$bLINGUE 2768$fDECLI 952 $a443.028 PIC 1$bDIP.FIL.MOD. 7645$fFLFBC 959 $aDECLI 959 $aFLFBC 996 $aPrécis de lexicologie française$9567790 997 $aUNINA LEADER 05161nam 22007575 450 001 9910585971203321 005 20251017125405.0 010 $a9789811609244$b(electronic bk.) 010 $z9789811609237 024 7 $a10.1007/978-981-16-0924-4 035 $a(MiAaPQ)EBC7054799 035 $a(Au-PeEL)EBL7054799 035 $a(CKB)24294154500041 035 $a(DE-He213)978-981-16-0924-4 035 $a(EXLCZ)9924294154500041 100 $a20220730d2022 u| 0 101 0 $aeng 135 $aurcnu|||||||| 181 $ctxt$2rdacontent 182 $cc$2rdamedia 183 $acr$2rdacarrier 200 14$aThe Palgrave Handbook of Chinese Language Studies /$fedited by Zhengdao Ye 205 $a1st ed. 2022. 210 1$aSingapore :$cSpringer Nature Singapore :$cImprint: Palgrave Macmillan,$d2022. 215 $a1 online resource (1032 pages) 311 08$aPrint version: Ye, Zhengdao The Palgrave Handbook of Chinese Language Studies Singapore : Palgrave Macmillan,c2022 9789811609237 320 $aIncludes bibliographical references and index. 327 $a1. Research on Language Contact -- 2. Typology Studies in China -- 3. Cognitive Linguistics in China -- 4. Pragmatic Studies in China -- 5. Forensic Linguistics on Chinese -- 6. Sinitic Kinship Semantics -- 7. The Study of Classical Chinese in Europe -- 8. Language situations in contemporary China -- 9. Cantonese Diaspora -- 10. Language Contact: Shanghai Wu -- 11. Sinitic Languages along the Belt and Road -- 12. Hokkien in Diaspora -- 13. 'Migrating concepts' in Chinese -- 14. Chinese-English Bilingual Dictionaries -- 15. Chinese and the Search for a Universal Language: from Enlightenment to Contemporary times -- 16. Machine Translation -- 17. Translating Chinese Law -- 18. Chinese children literature in English translation -- 19. Translating films on ethnic minorities into English -- 20. Subtitling in English as cross-cultural mediation -- 21. Subtitling in Chinese -- 22. Technology in Chinese Language Teaching -- 23. Cultural Performance Approach in Chinese language teaching -- 24. Cultural Key Words in Mandarin Chinese -- 25. Mandarin-Speaking Children in Britain -- 26. Chinese as a mother tongue in the context of Global Business English Communication -- 27. Chinese and Singaporean English -- 28. From Kowtow to Gaokao: New Chinese Terms in English language media. 330 $aThis major new reference work provides a comprehensive overview of linguistic phenomena in Mandarin and other dialects in a global context, highlighting the dynamic interaction between those languages and English. Through state-of-the-art accounts of various sub-fields such as applied linguistics, machine translation, English subtitling as cross-cultural mediation, technology in Chinese language teaching and global business communication, this Handbook offers a significant contribution to the field of Chinese language and linguistics. Examining fast-growing linguistic research areas on Chinese languages, ranging from research on language contact, Linguistic Typology, Cognitive Linguistics, Pragmatics, Forensic Linguistics, to Sinitic Kinship studies, it focuses on language contact situations inside and outside China, including the Cantonese and Hokkien diaspora, and Sinitic languages notably along the Belt and Road. Exploring how key Chinese concepts were coined at the beginningof the 20th century through interaction with European languages and how they have evolved, it also includes topics on the search for a universal language in the Chinese language context. Addressing core issues within Chinese language and culture and focusing on the sites and forms of interaction between Chinese and English, this Handbook encompasses a rich overview of the field, offering a global and interdisciplinary tool for students and researchers across the field of Chinese language and linguistics. 606 $aApplied linguistics 606 $aCommunication 606 $aLinguistics 606 $aGenetic transcription 606 $aIntercultural communication 606 $aApplied Linguistics 606 $aMedia and Communication 606 $aLinguistics 606 $aGene Transcription 606 $aIntercultural Communication 606 $aXinès$2thub 606 $aManlleus (Lingüística)$2thub 606 $aAnglès$2thub 606 $aLingüística$2thub 608 $aLlibres electrònics$2thub 615 0$aApplied linguistics. 615 0$aCommunication. 615 0$aLinguistics. 615 0$aGenetic transcription. 615 0$aIntercultural communication. 615 14$aApplied Linguistics. 615 24$aMedia and Communication. 615 24$aLinguistics. 615 24$aGene Transcription. 615 24$aIntercultural Communication. 615 7$aXinès 615 7$aManlleus (Lingüística) 615 7$aAnglès 615 7$aLingüística. 676 $a495.1 702 $aYe$b Zhengdao 801 0$bMiAaPQ 801 1$bMiAaPQ 801 2$bMiAaPQ 912 $a9910585971203321 996 $aThe Palgrave Handbook of Chinese Language Studies$92904423 997 $aUNINA